|
|
|
|
| LEADER |
03176nam a2200781 i 4500 |
| 001 |
nkc20223477710 |
| 003 |
CZ PrNK |
| 005 |
20240712130232.0 |
| 007 |
ta |
| 008 |
221214s2023 xr ah f 001 0 cze |
| 015 |
|
|
|a cnb003477710
|
| 020 |
|
|
|a 978-80-280-0213-8
|q (brožováno)
|
| 035 |
|
|
|a (OCoLC)1393198466
|
| 040 |
|
|
|a ABA001
|b cze
|d BOA001
|e rda
|
| 041 |
0 |
|
|a cze
|b eng
|
| 043 |
|
|
|a e-ru---
|a e-xr---
|a e-xo---
|
| 045 |
|
|
|a w-w-
|
| 072 |
|
7 |
|a 821.161.1.09
|x Ruská literatura, rusky psaná (o ní)
|2 Konspekt
|9 11
|
| 080 |
|
|
|a 821.161.1
|2 MRF
|
| 080 |
|
|
|a 82-94
|2 MRF
|
| 080 |
|
|
|a 82.0
|2 MRF
|
| 080 |
|
|
|a 82-1/-9
|2 MRF
|
| 080 |
|
|
|a 7.04
|2 MRF
|
| 080 |
|
|
|a 82:316.3
|2 MRF
|
| 080 |
|
|
|a 82.07
|2 MRF
|
| 080 |
|
|
|a (470+571)
|2 MRF
|
| 080 |
|
|
|a (437.3)
|2 MRF
|
| 080 |
|
|
|a (437.6)
|2 MRF
|
| 080 |
|
|
|a (048.8)
|2 MRF
|
| 100 |
1 |
|
|a Odehnalová, Lenka,
|d 1986-
|7 hka20211111389
|4 aut
|
| 245 |
1 |
0 |
|a Dostojevského Deník spisovatele v kontextech a konfrontacích /
|c Lenka Odehnalová
|
| 250 |
|
|
|a Vydání první
|
| 264 |
|
1 |
|a Brno :
|b Masarykova univerzita,
|c 2023
|
| 300 |
|
|
|a 219 stran :
|b barevné ilustrace, faksimile ;
|c 23 cm
|
| 336 |
|
|
|a text
|b txt
|2 rdacontent
|
| 337 |
|
|
|a bez média
|b n
|2 rdamedia
|
| 338 |
|
|
|a svazek
|b nc
|2 rdacarrier
|
| 490 |
1 |
|
|a Spisy Filozofické fakulty Masarykovy univerzity =
|a Opera Facultatis philosophicae Universitatis Masarykianae,
|x 1211-3034 ;
|v 523
|
| 500 |
|
|
|a 200 výtisků
|
| 504 |
|
|
|a Obsahuje bibliografii, bibliografické odkazy a rejstříky
|
| 546 |
|
|
|a Anglické resumé
|
| 600 |
1 |
7 |
|a Dostojevskij, Fedor Michajlovič,
|d 1821-1881.
|t Dnevnik pisatelja
|7 aun2016906970
|2 czenas
|
| 648 |
|
7 |
|a 19. století
|7 ch460557
|2 czenas
|
| 650 |
0 |
7 |
|a ruská literatura
|7 ph125327
|y 19. století
|2 czenas
|
| 650 |
0 |
7 |
|a deníky
|7 ph321898
|z Rusko
|y 19. století
|2 czenas
|
| 650 |
0 |
7 |
|a genologie
|7 ph138243
|2 czenas
|
| 650 |
0 |
7 |
|a literární žánry
|7 ph122406
|2 czenas
|
| 650 |
0 |
7 |
|a náměty, témata a motivy
|7 ph138485
|2 czenas
|
| 650 |
0 |
7 |
|a literatura a společnost
|7 ph122371
|z Rusko
|y 19. století
|2 czenas
|
| 650 |
0 |
7 |
|a interpretace a přijetí literárního díla
|7 ph137145
|z Česko
|2 czenas
|
| 650 |
0 |
7 |
|a interpretace a přijetí literárního díla
|7 ph137145
|z Slovensko
|2 czenas
|
| 650 |
0 |
9 |
|a Russian literature
|y 19th century
|2 eczenas
|
| 650 |
0 |
9 |
|a diaries
|z Russia
|y 19th century
|2 eczenas
|
| 650 |
0 |
9 |
|a genology (literature)
|2 eczenas
|
| 650 |
0 |
9 |
|a literary forms
|2 eczenas
|
| 650 |
0 |
9 |
|a themes and motives
|2 eczenas
|
| 650 |
0 |
9 |
|a literature and society
|z Russia
|y 19th century
|2 eczenas
|
| 650 |
0 |
9 |
|a interpretation and reception of literature
|z Czechia
|2 eczenas
|
| 650 |
0 |
9 |
|a interpretation and reception of literature
|z Slovakia
|2 eczenas
|
| 655 |
|
7 |
|a monografie
|7 fd132842
|2 czenas
|
| 655 |
|
9 |
|a monographs
|2 eczenas
|
| 810 |
2 |
|
|a Masarykova univerzita.
|b Filozofická fakulta.
|t Spisy
|0 s
|
| 910 |
2 |
|
|a BOA001
|b 2-1510.119
|
| 990 |
|
|
|a BK
|
| 995 |
|
|
|a 01
|
| 991 |
|
|
|b 202306
|c NOV
|
| 996 |
6 |
|
|b 2610941966
|c 2-1510.119
|l MZK
|r Sklad / do 1 hodiny
|n 0
|p p.v.
|w 001929788
|u 000010
|a 1
|e BOA001
|j MZK50
|s P
|
| 996 |
7 |
|
|b 2610941967
|c 2-1510.119
|l MZK
|r Sklad / do 1 hodiny
|n 1
|p p.v.
|w 001929788
|u 000020
|a 1
|e BOA001
|j MZK50
|s A
|